000 01799nam a2200421 c 4500
003 BLK
005 20241219112924.0
008 180409b bul|||||r ||||||| ||bul||
010 _aKNG00103322000
020 _a954-625-265-4
_bиздат.: Фют
040 _aBLK
041 _aBUL
_cBUL
080 _aОткривателски пътешествия. Експедиции
_b910.4
_x(091)(092)
_z910.4(091)(092)
080 _aБиографии
_b929
_x(100)
_z929(100)
100 1 _aПолард, Майкъл
_eпърви автор
_9254173
700 _aМитренцева, Екатерина Христева
_9270859
139 _aПолард, Майкъл
_bП 69
245 1 0 _a[Сто] 100 най-велики изследователи
_cМайкъл Полард; прев. Екатерина Христева Митренцева.
257 _aGBR
260 София
_bФют
_c2001
_fСофия : ПК Д. Благоев ООД
300 _a111 с.
_bс цв. ил.
_c28 см
380 _a91
500 _aОриг. загл. 100 Greatest Explorers / Michael Pollard. - Офс. изд. - Азб. показалец.
650 4 _aИзследвания
_9156671
650 7 _aГеографски пътешествия и открития - история
_2
_9151894
650 4 _aПътешественици
_9168581
653 _aизследвания
653 _aоткрития
653 _aгеографски открития
653 _aпътешественици
653 _aпътешествия
852 _aЦб ІІ 11738
856 4 _qpdf
_u
856 4 _qpdf
_u
942 _cKNG
_n0
_01
944 _aCR
_c01.01.2001
_k30560
_lГеновева Генчева
944 _aED
_c23.06.2016
_kВиолета_Тройчева
999 _c98380
_d98380